01262nam a22003137a 4500003000400000005001700004008004100021040002200062082001800084100002500102245003000127260006000157300002100217366000800238490002600246505001200272505006900284505003700353505016900390505001200559650005500571650004700626650004800673650004300721650004500764650005600809650004700865700003600912OSt20230621102449.0221006b |||||||| |||| 00| 0 eng d cBiblioteca Lado V a709.05bG851a aGriffin, Timeeditor aArtforum/bInternacional/ aNew Yorkc2010bNew York editorial and business offices c26.5x27cma278p. espa aMaYOv2010x0864-1315 tLETTERS tCOLUMNSaEDITOR'S LETTER: IN TIME BOOKS FILM ON SITE TOP TEN tPREVIEWSaSUMMER 2010 EXHIBITION tFEATURESgTHE NEXT ACT: ISSUES IN CONTEMPORARY PERFORMANCE AGAINST PERFORMANCE ART STAGED PRESENCE FAIR USE 1000 WORDS THE PRACTICE OF EVERYDAY LIFE OPENNINGS tREVIEWS 2Tesauro de Arte & ArquitecturaaARTE COMTEMPORANEO 2Tesauro de Arte & ArquitecturaaFOTOGRAFIA 2Tesauro de Arte & ArquitecturaaARTE VISUAL 2Tesauro de Arte & ArquitecturaaLIBROS 2Tesauro de Arte & ArquitecturaaNOTICIAS 2 Tesauro de Arte & ArquitecturaaARTE INTERNACIONAL 2 Tesauro de Arte & ArquitecturaaESCULTURA aNavarreta, Jose Antonioeeditor